00557cam a22002171 4500001001300000003000400013005001700017008004100034010001700075035002000092040001800112042001200130050001900142100002300161245001800184260001100202300001900213500001400232504005400246600003900300sa 66001412 DLC20260227112222.0890912s1965 ii b 000 0 hino  asa 66001412  a(OCoLC)20330387 aDLCcWaUdDLC apremarc00aPK2098.V3bZ771 aMadan, Indar Nath.10aMahādevī. c[1965] a232 p.c22 cm. aIn Hindi. aWorks by and about Maha Devi Varma: p. [231]-232.10aVarmā, Mahādevī,d1907-1987.